Il racconto del mago /
I tiakina i:
| Kaituhi matua: | |
|---|---|
| Hōputu: | Pukapuka |
| Reo: | Itāriana |
| I whakaputaina: |
[Milano] :
Garzanti,
1998
|
| Rangatū: | Narratori moderni
|
| Ngā Tūtohu: |
Kāore He Tūtohu, Me noho koe te mea tuatahi ki te tūtohu i tēnei pūkete!
|
MARC
| LEADER | 00000nam a2200000 i 4500 | ||
|---|---|---|---|
| 001 | IT\ICCU\REA\0041675 | ||
| 003 | ItRI | ||
| 005 | 20260415150113.0 | ||
| 008 | 980416s1998 it |||||| ||||| |||||c | ||
| 015 | |2 IT |a 98-7907 | ||
| 020 | |a 8811661625 | ||
| 040 | |b ita |c arcigay brescia | ||
| 041 | 7 | |a ita |2 ISO-639-2 | |
| 082 | |a 813.54 |2 20 | ||
| 100 | 1 | |a Bayer, William |0 IT\ICCU\LO1V\088042 |4 aut | |
| 240 | 1 | 4 | |a The magicianʼs tale. |9 Bayer, William |
| 245 | 1 | 3 | |a Il racconto del mago / |c David Hunt. |
| 260 | |a [Milano] : |b Garzanti, |c 1998 | ||
| 300 | |a 410 p. ; |c 22 cm | ||
| 500 | |a Trad. di Alberto Cristofori. | ||
| 830 | 0 | |a Narratori moderni |0 IT\ICCU\CFI\0000081 | |
| 942 | |2 ddc |c BK | ||
| 952 | |0 0 |1 0 |2 ddc |4 0 |6 12 |7 0 |9 28673 |a BS |b BS |d 2026-02-06 |i 789 |l 0 |o 1-2-* |r 2026-02-06 22:40:40 |w 2026-02-06 |x [REVISIONARE] |y BK | ||
| 999 | |c 24331 |d 24331 | ||